Quizzes
Events
Quiz Creation
Community
Videos
Private Events
Remove Ads
Sign In
Join for FREE
Feedback
Dark Mode
Quiz Categories
Sports
Geography
Music
Movies
Television
Just For Fun
Miscellaneous
History
Literature
Language
Science
Gaming
Entertainment
Religion
Holiday
For Kids
Quiz Lab
Recent
Popular Today
Quiz Kudos Today
Editor Picks
Curator Picks
Quizzes by...
Day
Popularity
Type
Ratings
Length
Year
Community
Subscriptions
Recent Discussions
Orange Saloon
Badges
Playlists
Quests
Create
Leaderboards
Showdown
Live 5
Trivia Bingo
Activity
Puzzle Library
Sporcle Events
Private Events
Virtual Trivia
Globe League
Become a Host
Pub Owners
SporcleCon
Opinionation
Our Games
Videos
Blog
Mobile Apps
Partnerships
Remove Ads and Go Orange
Feedback
Miscellaneous
Crossword
General Knowledge
Baby Names
Logo
Food
Cars
Numbers
Grab Bag
University
College
Popular
Company
Slogans
Restaurants
Justice
Letter
Miscellaneous
Crossword
General Knowledge
Baby Names
Logo
Food
Cars
Numbers
Grab Bag
University
College
Popular
Company
Slogans
Restaurants
Justice
Letter
Random Quiz
Search Sporcle
×
Quiz Lab
Quiz Lab
Miscellaneous
Art
Type in answers that appear in a list
Type in answers that appear in a list
Classic
Best Score? Go Orange.
Commonly Asked About Art Stats
Can you name the 20 most commonly asked about paintings in Quiz Bowl Tournaments?
By
ianmath94
5m
20 Questions
391 Plays
391 Plays
391 Plays
Comments
Comments
Give Quiz Kudos
Give Quiz Kudos
-
- Ratings
hide this ad
Replay
Link that replays current quiz
Next Quiz
Link to next quiz in quiz playlist
You Got
0%
They Got
Avg Score
47%
Avg Friend Score
Upgrade to see
Score Distribution
Jump to the score distribution portion of the page
Score
0/20
Timer
05:00
0
Plays Today
Artist
Painting
% Correct
Leonardo da Vinci
Mona Lisa
95.4%
Vincent Van Gogh
Starry Night
78.3%
Sandro Botticelli
The Birth of Venus
68%
Salvador Dalí
The Persistence of Memory
62.4%
Leonardo da Vinci
The Last Supper
62.4%
Grant Wood
American Gothic
61.1%
Edward Hopper
Nighthawks
59.3%
Pablo Picasso
Guernica
55.8%
Rembrandt
Night Watch
48.1%
Raphael
School of Athens
40.4%
Artist
Painting
% Correct
Eugène Delacroix
Liberty Leading the People
39.9%
Diego Velázquez
Las Meninas
38.6%
Hieronymus Bosch
Garden of Earthly Delights
36.3%
Jacques-
Louis David
The Death of Marat
34.5%
Jan van Eyck
The Arnolfini Wedding
33%
Marcel Duchamp
Nude Descending a Staircase, No. 2
30.4%
Andrew Wyeth
Christina's World
29.2%
Édouard Manet
Luncheon on the Grass
26.1%
Titian
Venus of Urbino
25.6%
Francisco de Goya
The Third of May, 1808
24.3%
Quiz Playlist
Details
Report
Send in Message
Add To Playlist
Classic:
Type in answers that appear in a list
Last Updated: Feb 16, 2017
Quiz Scoreboard
CHALLENGE
Sign Up to Join the Scoreboard
Show All
Scores
Hide
Comments
May contain spoilers
Recently Published
Click the 1999 NBA Draft
by nibperrychub
Sports
2m
Alphabetical 'K' Countries by Flag Minefield
by ylime102
Geography
3m
Pick 6: Fruits
by JohnFran
Miscellaneous
15s
More to Explore
Quiz From the Vault
Featured Blog Post
15 Basketball Trivia Facts You Can Be March Mad About
hide this ad
You Might Also Like...
Tags
Art Quiz
Artist Quiz
Asked
Bowl
Tournament
Today's Top Quizzes in Miscellaneous
Browse Miscellaneous
hide this ad
Today's Top Quizzes in Art
Browse Art
Top Contributed Quizzes in Miscellaneous
1
Spring Months consonants
2
Pick 6: Vegetables
3
Pick 6: Supreme Pizza
4
Four Seasons
5
Guess the 'S' Things in 3 Words
6
Pick 6: University Mascots
7
The JOE quick-fire general knowledge quiz: Day 166
8
Sporcle Acrostic Puzzle XXXV
9
Guess the 'T' Things in 3 Words
10
Guess the 'V' Things in 3 Words
Explore More
Trending Topics
Disney
Kpop
Marvel
Harry Potter
Crossword
Anime
NBA
Puzzle
Pokémon
Soccer
NFL
The Office
Song
Country
WWE
hide this ad
More By:
ianmath94
Quiz
Plays
Rating
Category
Featured
Created
Commonly Asked About Art
391
4.33
Miscellaneous
Aug 7, 2011
Angel Episodes by Screenshot
327
5.00
Television
Dec 19, 2016
C-Country Capitals
211
5.00
Geography
Aug 8, 2011
E-Country Capitals
155
4.00
Geography
Aug 10, 2011
D-Country Capitals
145
4.00
Geography
Aug 8, 2011
Go to Creator's Profile
Score Distribution
Quiz Creator Spotlight
ianmath94
Follow
Send a Message
Quizzes Created
-
Created Quiz Play Count
-
More By This Creator
Popular Quizzes Today
1
Find the US States - No Outlines Minefield
2
Countries of Asia Without Outlines Minefield
3
Pick 6: Fruits
4
The Countries of the World
5
Alphabetical 'K' Countries by Flag Minefield
6
Click the 1999 NBA Draft
7
Match the Book to the Film X
8
Find the US States
More Miscellaneous Quizzes
Answer Strings IV
Published
Trending Quizzes
Pick 6: Harry Potter
Pick 6: Mountains
Pick 6: NFL Teams
Pick 6: Movie Franchises
Pick 6: Golfers
Recently Updated
Women's Final Four Teams by Year
bhenderson79
Presidents Quartet II
eogle
Anything But Clue(do)
eogle
Anything But Oceanian Capitals
eogle
Anything But 7
eogle
Anything But Thing
eogle
Word Ladder: February 29
pecheneg
Song Title Questions
pecheneg
Women's NCAA Tournament #1 Seeds
pecheneg
Celebrity Mug Shots
pecheneg
Trending Topics
Marvel
Anime
Harry Potter
Disney
Kpop
Crossword
NBA
NFL
Song
The Office
Pokémon
Soccer
Puzzle
Country
WWE
Your Account Isn't Verified!
In order to create a playlist on Sporcle, you need to verify the email address you used during registration. Go to your
Sporcle Settings
to finish the process.
Report this User
Report this user for behavior that violates our
Community Guidelines
.
Details:
Send Report
Go to the Sporcle.com Mobile Site →
Comments